<?xml version="1.0" encoding="UTF-8"?>
<record
    xmlns:xsi="http://www.w3.org/2001/XMLSchema-instance"
    xsi:schemaLocation="http://www.loc.gov/MARC21/slim http://www.loc.gov/standards/marcxml/schema/MARC21slim.xsd"
    xmlns="http://www.loc.gov/MARC21/slim">

  <leader>00890nam a22002177a 4500</leader>
  <controlfield tag="008">090530t        xxu||||| |||| 00| 0 eng d</controlfield>
  <datafield tag="010" ind1=" " ind2=" ">
    <subfield code="a">B-328869</subfield>
  </datafield>
  <datafield tag="020" ind1=" " ind2=" ">
    <subfield code="a">9788175346000</subfield>
    <subfield code="c">650-00</subfield>
  </datafield>
  <datafield tag="035" ind1=" " ind2=" ">
    <subfield code="a">B-328869</subfield>
  </datafield>
  <datafield tag="037" ind1=" " ind2=" ">
    <subfield code="a">UBH</subfield>
    <subfield code="b">RP/CL/E;15/20.05.09/25.05.09/28.05.09/29.05.09</subfield>
  </datafield>
  <datafield tag="040" ind1=" " ind2=" ">
    <subfield code="a">dpl</subfield>
    <subfield code="b">Eng</subfield>
  </datafield>
  <datafield tag="082" ind1=" " ind2=" ">
    <subfield code="a">346.54</subfield>
  </datafield>
  <datafield tag="100" ind1=" " ind2=" ">
    <subfield code="a">Parameswaran,S</subfield>
  </datafield>
  <datafield tag="245" ind1=" " ind2=" ">
    <subfield code="a">Law Relating Societies Registration </subfield>
    <subfield code="c">by/S.Parameswaran</subfield>
  </datafield>
  <datafield tag="260" ind1=" " ind2=" ">
    <subfield code="a">Delhi</subfield>
    <subfield code="b">Universal Law Publishing</subfield>
    <subfield code="c">2007</subfield>
  </datafield>
  <datafield tag="270" ind1=" " ind2=" ">
    <subfield code="a">C-ff IA Dilkhush Industrial Estate G.T Karnal Road</subfield>
    <subfield code="b">Delhi</subfield>
    <subfield code="e">110033</subfield>
    <subfield code="k">27215334</subfield>
  </datafield>
  <datafield tag="300" ind1=" " ind2=" ">
    <subfield code="a">xxxi,725pg</subfield>
    <subfield code="c">24cm</subfield>
  </datafield>
  <datafield tag="942" ind1=" " ind2=" ">
    <subfield code="2">ddc</subfield>
    <subfield code="c">EN</subfield>
    <subfield code="h">346.54</subfield>
    <subfield code="m">PAR</subfield>
  </datafield>
  <datafield tag="999" ind1=" " ind2=" ">
    <subfield code="c">27004</subfield>
    <subfield code="d">27004</subfield>
  </datafield>
  <datafield tag="952" ind1=" " ind2=" ">
    <subfield code="0">0</subfield>
    <subfield code="1">0</subfield>
    <subfield code="2">ddc</subfield>
    <subfield code="4">0</subfield>
    <subfield code="7">0</subfield>
    <subfield code="a">L</subfield>
    <subfield code="b">L</subfield>
    <subfield code="d">2009-05-30</subfield>
    <subfield code="e">RP/CL</subfield>
    <subfield code="g">650.00</subfield>
    <subfield code="l">0</subfield>
    <subfield code="o">346.54 PAR</subfield>
    <subfield code="p">B-328869</subfield>
    <subfield code="r">2009-05-30 00:00:00</subfield>
    <subfield code="t">1</subfield>
    <subfield code="v">650.00</subfield>
    <subfield code="w">2009-05-30</subfield>
    <subfield code="y">EN</subfield>
  </datafield>
</record>
